Sports Quiz

Random Sports or NHL Quiz

NHL Highest Paid Player by Team Quiz Stats

Quiz not verified by Sporcle

Challenge
Share
Tweet
Embed
Score 0/30 Timer 10:00
0 Plays Today
Team Player % Correct
Pittsburgh PenguinsSidney Crosby
94.5%
Washington CapitalsAlex Ovechkin
93.3%
Anaheim DucksCorey Perry
92.7%
Boston BruinsTuukka Rask and Patrice Bergeron
92.1%
Winnipeg JetsEvander Kane
91.5%
Philadelphia FlyersClaude Giroux
87.9%
Montreal CanadiensP.K. Subban and Andrei Markov
86.1%
Nashville PredatorsShea Weber
86.1%
Carolina HurricanesEric Staal
85.5%
Los Angeles KingsAnze Kopitar
84.8%
New York IslandersJohn Tavares and Lubomir Visnovsky
83.6%
Tampa Bay LightningSteven Stamkos
83.6%
Vancouver CanucksHenrik Sedin and Daniel Sedin
83.6%
Detroit Red WingsPavel Datsyuk
81.8%
New York RangersHenrik Lundqvist
81.2%
Team Player % Correct
Edmonton OilersTaylor Hall and Jordan Eberle
80.6%
Minnesota WildRyan Suter
79.4%
Toronto Maple LeafsPhil Kessel
78.2%
Chicago BlackhawksMarian Hossa
77.6%
San Jose SharksPatrick Marleau
77.6%
Ottawa SenatorsErik Karlsson
68.5%
Arizona CoyotesMike Smith
67.9%
Colorado AvalancheMatt Duchene
66.7%
New Jersey DevilsPatrik Elias
57%
Dallas StarsKari Lehtonen
49.7%
Florida PanthersBrian Campbell
42.4%
St. Louis BluesPaul Stastny
40%
Buffalo SabresTyler Ennis
27.3%
Calgary FlamesDennis Wideman
23%
Columbus Blue JacketsNathan Horton
20.6%

You're not logged in!

Compare scores with friends on all Sporcle quizzes.
Sign Up with Email
OR
Log In

You Might Also Like...

Show Comments

Extras

Top Quizzes Today


Score Distribution

Your Account Isn't Verified!

In order to create a playlist on Sporcle, you need to verify the email address you used during registration. Go to your Sporcle Settings to finish the process.